| Tag |
First Indicator |
Second Indicator |
Subfields |
| LEADER |
00000cam a2200000 4500 |
| 001 |
in00000094372 |
| 005 |
20150927110437.0 |
| 008 |
710603s1970 enk 00000 eng |
| 010 |
|
|
|a 79563107
|
| 015 |
|
|
|a B70-17513
|
| 020 |
|
|
|a 011710003X
|c 7/-
|
| 035 |
|
|
|a (OCoLC)00143480
|
| 035 |
|
|
|9 AAL6237AM
|
| 040 |
|
|
|a DLC
|c DLC
|d TXA
|d UtOrBLW
|
| 049 |
|
|
|a TXAM
|c [956672]
|
| 050 |
0 |
0 |
|a TS825
|b .G75
|
| 082 |
0 |
|
|a 674/.021/2
|
| 110 |
1 |
|
|a Great Britain.
|b Forestry Commission.
|b Mensuration Section.
|
| 245 |
1 |
0 |
|a Metric volume ready reckoner for round timber.
|
| 264 |
|
1 |
|a London :
|b H.M.S.O.,
|c 1970.
|
| 300 |
|
|
|a 1 unnumbered page, 80 pages ;
|c 21 cm.
|
| 336 |
|
|
|a text
|b txt
|2 rdacontent
|
| 337 |
|
|
|a unmediated
|b n
|2 rdamedia
|
| 338 |
|
|
|a volume
|b nc
|2 rdacarrier
|
| 490 |
1 |
|
|a Forestry Commission booklet no. 26
|
| 500 |
|
|
|a Cover title.
|
| 650 |
|
0 |
|a Lumber
|x Measurement.
|
| 830 |
|
0 |
|a Forestry Commission booklet ;
|v 26.
|
| 999 |
|
|
|a MARS
|
| 999 |
f |
f |
|s 2284e2f9-95b8-314f-b984-4dfda50267b7
|i 3712616e-e3d5-3507-b5f5-5e9fcad6fe7f
|t 0
|
| 952 |
f |
f |
|p ric
|a Texas A&M University
|b Rellis Campus
|c Joint Library Facility
|s JLF
|d Remote Storage
|t 0
|e TS825 .G75
|h Library of Congress classification
|i unmediated -- volume
|m A14805649490
|
| 998 |
f |
f |
|a TS825 .G75
|t 0
|l Remote Storage
|